000 00735nam a2200241 i 4500
001 C2-0126762
003 PPAK
005 20180727115739.0
008 970915s1979 my |||| ||||| | eng d
040 _aPPAK
_beng
_cPPAK
_erda
082 0 4 _a499.23
_223
090 0 0 _a499.23
_bYEO
_dKIH
100 1 _aYeoh, Chiang Kee,
_eauthor
245 1 0 _aRelational grammar and interaction of cyclic rules in bahasa Malaysia
264 1 _aKuala Lumpur :
_bUniversity Malaya ,
_c1979
300 _a12 pages ;
_c33 cm
336 _2rdacontent
_atext
337 _2rdamedia
_aunmediated
338 _2rdacarrier
_avolume
500 _aKertas kerja sempena Persidangan Antarabangsa Pengajian Melayu
650 1 0 _aMalay language
942 _ddc
_cB
999 _c37608
_d37608